MARC details
| 000 -CABECERA |
| campo de control de longitud fija |
01079cam a2200277 a 4500 |
| 001 - NÚMERO DE CONTROL |
| campo de control |
000014992 |
| 005 - FECHA Y HORA DE LA ÚLTIMA TRANSACCIÓN |
| campo de control |
20200929163932.0 |
| 008 - DATOS DE LONGITUD FIJA--INFORMACIÓN GENERAL |
| campo de control de longitud fija |
030408s2002 mx b 001 0 spa |
| 020 ## - NÚMERO INTERNACIONAL ESTÁNDAR DEL LIBRO |
| Número Internacional Estándar del Libro |
8476586302 |
| 040 ## - FUENTE DE LA CATALOGACIÓN |
| Centro catalogador/agencia de origen |
DO-SdBNP |
| Centro/agencia transcriptor |
DLC |
| Centro/agencia modificador |
DLC |
| 042 ## - CÓDIGO DE AUTENTICACIÓN |
| Código de autenticación |
pcc |
| 082 ## - NÚMERO DE LA CLASIFICACIÓN DECIMAL DEWEY |
| Número de clasificación |
300.1 |
| Número de documento/Ítem |
Z53n |
| 049 ## - FONDOS LOCALES (OCLC) |
| Fondos de biblioteca |
BNGR |
| 100 1# - ENTRADA PRINCIPAL--NOMBRE DE PERSONA |
| Nombre de persona |
Zemelman, Hugo, |
| Fechas asociadas al nombre |
1931- |
| Forma completa/desarrollada del nombre |
(Hugo Zemelman Merino) |
| 9 (RLIN) |
33935 |
| 245 10 - MENCIÓN DE TÍTULO |
| Título |
Necesidad de conciencia : |
| Resto del título |
un modo de construir conocimiento / |
| Mención de responsabilidad, etc. |
Hugo Zemelman ; prólogo de Horacio Cerutti Guldberg ; introducción de Josetxo Beriain. |
| 260 ## - PUBLICACIÓN, DISTRIBUCIÓN, ETC. |
| Lugar de publicación, distribución, etc. |
México : |
| Nombre del editor, distribuidor, etc. |
El Colegio de México : |
| -- |
Anthropos, |
| Fecha de publicación, distribución, etc. |
2002. |
| 300 ## - DESCRIPCIÓN FÍSICA |
| Extensión |
xvii, 138 p. ; |
| Dimensiones |
21 cm. |
| 490 1# - MENCIÓN DE SERIE |
| Mención de serie |
Autores, textos y temas |
| -- |
Ciencias sociales |
| Designación de volumen o secuencia |
34 |
| 504 ## - NOTA DE BIBLIOGRAFÍA, ETC. |
| Nota de bibliografía, etc. |
Incluye referencias bibliográficas. |
| 650 #4 - PUNTO DE ACCESO ADICIONAL DE MATERIA--TÉRMINO DE MATERIA |
| Término de materia o nombre geográfico como elemento de entrada |
Filosofía de las ciencias sociales |
| 9 (RLIN) |
33936 |
| 650 #4 - PUNTO DE ACCESO ADICIONAL DE MATERIA--TÉRMINO DE MATERIA |
| Término de materia o nombre geográfico como elemento de entrada |
Teoría del conocimiento |
| 9 (RLIN) |
13 |
| 700 1# - PUNTO DE ACCESO ADICIONAL--NOMBRE DE PERSONA |
| Nombre de persona |
Cerutti Guldberg, Horacio |
| Término indicativo de función/relación |
pról. |
| 9 (RLIN) |
33937 |
| 700 1# - PUNTO DE ACCESO ADICIONAL--NOMBRE DE PERSONA |
| Nombre de persona |
Beriain, Josetxo |
| Término indicativo de función/relación |
intr. |
| 9 (RLIN) |
33938 |
| 830 #0 - PUNTO DE ACCESO ADICIONAL DE SERIE-TÍTULO UNIFORME |
| Título uniforme |
Autores, textos y temas |
| Nombre de parte o sección de la obra |
Ciencias sociales ; |
| Designación de volumen o secuencia |
34 |
| 9 (RLIN) |
33939 |
| 910 ## - DATOS DE OPCIÓN DEL USUARIO (OCLC) |
| Datos de opción del usuario |
Catalogación por copia / LC |